| 000 | 00526nam a2200205I 4500 | ||
|---|---|---|---|
| 999 |
_c5394 _d5394 |
||
| 001 | 906018 | ||
| 003 | OSt | ||
| 005 | 20190103173619.0 | ||
| 008 | 740531|1973||||||| |||| ||eng c | ||
| 020 | _a0800781325 | ||
| 040 |
_aHiram College Lib _cDLC |
||
| 082 |
_a248 _bM962C |
||
| 092 |
_a248 _bMum |
||
| 100 | 1 | _aMumford, Bob. | |
| 245 | 1 | 0 |
_aChrist in session; _ban introduction to the Body of Christ. |
| 260 |
_aFt. Lauderdale, Florida, _c[1973] |
||
| 300 |
_a94p. _c18cm. |
||
| 650 | 0 | _aChristian life. | |
| 942 |
_2ddc _cBK |
||